000 00794nam a2200265 i 4500
001 C2-0328437
003 PPAK
005 20180728125757.0
008 140817s2013 my |||| ||||| | may d
020 _a9789675968433
040 _aPPAK
_beng
_cPPAK
_erda
082 0 4 _a297.22
_223
090 0 0 _a297.22
_bHAT
_dG
100 0 _aHatim Raja Mahmud Audah,
_eauthor
245 1 0 _a8 Keajaiban istighfar
264 1 _aKuala Lumpur :
_bJundi Resources ,
_c2013
300 _av, 294 pages ;
_c19 cm
336 _2rdacontent
_atext
337 _2rdamedia
_aunmediated
338 _2rdacarrier
_avolume
500 _aMengandungi ayat-ayat dari al-Quran.
650 1 0 _aRepentance - Islam. ; Forgiveness - Religious aspects - Islam.
700 0 _aHasmariza Md Hashim,
_eeditor
942 _ddc
_cB
999 _c127822
_d127822